<?xml version="1.0" encoding="UTF-8"?>
<record
    xmlns:xsi="http://www.w3.org/2001/XMLSchema-instance"
    xsi:schemaLocation="http://www.loc.gov/MARC21/slim http://www.loc.gov/standards/marcxml/schema/MARC21slim.xsd"
    xmlns="http://www.loc.gov/MARC21/slim">

  <leader>01588nam a2200205 a 4500</leader>
  <controlfield tag="008">190917t2007    sp  |||g |||| 001 0 spa d</controlfield>
  <datafield tag="020" ind1=" " ind2=" ">
    <subfield code="a">9788466319652</subfield>
  </datafield>
  <datafield tag="041" ind1=" " ind2=" ">
    <subfield code="a">spa</subfield>
  </datafield>
  <datafield tag="092" ind1=" " ind2=" ">
    <subfield code="c">808</subfield>
    <subfield code="l">5</subfield>
    <subfield code="s">AUS</subfield>
  </datafield>
  <datafield tag="100" ind1="1" ind2=" ">
    <subfield code="a">Austen, Jane</subfield>
    <subfield code="9">3464</subfield>
  </datafield>
  <datafield tag="245" ind1=" " ind2=" ">
    <subfield code="a">Orgullo y prejuicio /</subfield>
    <subfield code="c">Jane Austen</subfield>
  </datafield>
  <datafield tag="250" ind1=" " ind2=" ">
    <subfield code="a">4a ed.</subfield>
    <subfield code="b">Traducci&#xF3;n Armando L&#xE1;zaro Ros</subfield>
  </datafield>
  <datafield tag="260" ind1=" " ind2=" ">
    <subfield code="a">Madrid:</subfield>
    <subfield code="b">Punto de Lectura;</subfield>
    <subfield code="c">2007.</subfield>
  </datafield>
  <datafield tag="300" ind1=" " ind2=" ">
    <subfield code="a">533 p.</subfield>
  </datafield>
  <datafield tag="500" ind1=" " ind2=" ">
    <subfield code="a">Austen, J. (2010). Orgullo y prejuicio. (1a ed.). Madrid : Edaf.</subfield>
  </datafield>
  <datafield tag="505" ind1=" " ind2=" ">
    <subfield code="a">Orgullo y prejuicio -escrita por Jane Austen a los veinti&#xFA;n a&#xF1;os y publicada por ella misma, que la firmar&#xED;a con seud&#xF3;nimo, en 1813, tras ser rechazada por varios editores- es una novela de amor o, mejor, una novela de enamorados. Bingley y Jane, Darcy y Elisabeth, Lydia y Wickham luchan para obtener el objeto de su pasi&#xF3;n, deben jugar el juego que la sociedad en que viven los propone y deben ganarlo. Sin saltarse las reglas, pero con un tes&#xF3;n capaz de vencer cualquier barrera, llegar&#xE1;n a toda costa a ese matrimonio que para ellos habr&#xE1; de marcar el inicio de la felicidad so&#xF1;ada. Se ha comparado a Jane Austen (1775-1817) con Shakespeare y con Henry James. Walter Scott afirmaba que no hab&#xED;a conocido a un escritor de mayor talento. Lo cierto es que, al margen de tales elogios, su obra ha vencido sin dificultades el paso del tiempo y se ha mantenido en todo momento en un lugar de privilegio en los gustos de lectores y especialistas. </subfield>
  </datafield>
  <datafield tag="590" ind1=" " ind2=" ">
    <subfield code="a"> Proyecto 4to libro, Donaci&#xF3;n Maria Vitarelli, Diciembre 2017</subfield>
  </datafield>
  <datafield tag="655" ind1=" " ind2=" ">
    <subfield code="a">Literatura</subfield>
    <subfield code="9">2917</subfield>
  </datafield>
  <datafield tag="942" ind1=" " ind2=" ">
    <subfield code="2">ddc</subfield>
    <subfield code="c">LIT</subfield>
  </datafield>
  <datafield tag="999" ind1=" " ind2=" ">
    <subfield code="c">2615</subfield>
    <subfield code="d">2615</subfield>
  </datafield>
  <datafield tag="952" ind1=" " ind2=" ">
    <subfield code="0">0</subfield>
    <subfield code="1">0</subfield>
    <subfield code="2">ddc</subfield>
    <subfield code="4">0</subfield>
    <subfield code="7">0</subfield>
    <subfield code="a">BFM</subfield>
    <subfield code="b">BFM</subfield>
    <subfield code="c">CR</subfield>
    <subfield code="d">2017-12-27</subfield>
    <subfield code="e">Donaci&#xF3;n Maria Vitarelli, Diciembre 2017</subfield>
    <subfield code="l">18</subfield>
    <subfield code="m">12</subfield>
    <subfield code="o">808 5 AUS</subfield>
    <subfield code="p">4121</subfield>
    <subfield code="r">2024-08-15</subfield>
    <subfield code="s">2024-04-22</subfield>
    <subfield code="t">Ej. 1</subfield>
    <subfield code="w">2017-12-27</subfield>
    <subfield code="y">LIT</subfield>
    <subfield code="z">Proyecto 4to libro. Donaci&#xF3;n Maria Vitarelli, Diciembre 2017</subfield>
  </datafield>
  <datafield tag="952" ind1=" " ind2=" ">
    <subfield code="0">0</subfield>
    <subfield code="1">0</subfield>
    <subfield code="2">ddc</subfield>
    <subfield code="4">0</subfield>
    <subfield code="7">0</subfield>
    <subfield code="a">BFM</subfield>
    <subfield code="b">BFM</subfield>
    <subfield code="c">CR</subfield>
    <subfield code="d">2020-03-11</subfield>
    <subfield code="e">Donaci&#xF3;n Bustamante Marianela. Marzo 2020.</subfield>
    <subfield code="l">2</subfield>
    <subfield code="o">808 5 AUS</subfield>
    <subfield code="p">4635</subfield>
    <subfield code="r">2024-08-06</subfield>
    <subfield code="s">2024-06-24</subfield>
    <subfield code="t">Ej. 2</subfield>
    <subfield code="w">2020-03-11</subfield>
    <subfield code="y">LIT</subfield>
    <subfield code="z">Proyecto 4to libro. Donaci&#xF3;n Bustamante, Marianela. marzo 2020</subfield>
  </datafield>
</record>
